000 00803cad a22001935a 4500
001 L154624
008 120106s2012 xxk f 000 0 eng d
035 _a(Sirsi) u154624
041 0 _aeng
110 2 _aStrutt & Parker Farm Research Group
_96000
245 0 0 _aHealth and safety update
_bJanuary 2012
_h[electronic resource]
260 _a[S.l.]
_bStrutt & Parker
_c2012
520 _aQuarterly health and safety update relating to farms and estates. Includes information on manual handling, working at height, asbestos and pesticides.
590 _aKA
651 4 _aUnited Kingdom
_y
690 _aRURAL ESTATE MANAGEMENT
856 4 0 _uhttps://www.struttandparker.com/media/309687/research_frg_healthsafetyupdate_jan2012.pdf
_zview the item free of charge at www.struttandparker.com
942 _n0
999 _c113074
_d113074